000 00497nam a2200169Ia 4500
003 GCL
008 140319s9999 xx 000 0 ara d
040 _aGCL /
_cGCL
082 0 4 _a541.22
_bع ك
100 1 _aعبداللطيف ابوالسعود
245 1 0 _aالكيمياء لطلبة الهندسة /
_cعبداللطيف ابوالسعود
260 _a[S.N] :
_bدار الراتب الجامعية
300 _a320 ص
490 _a
650 0 4 _aالكيمياء
942 _2ddc
_cBK
999 _c41047
_d41047